00600 2200181 4500001002100000005001500021035002000036008004100056245007900097100001800176260004500194300002500239084002000264082001000284650008600294020001800380990002000398INLIS00000000000423820250211112551 a0010-0225000164250211 0 ind 1 aPartai Demokrat dan SBY :bMencari Jawab Sebuah Masa Depan /cAkbar Faizal aFaizal, Akbar aJakarta :bGramedia Pustaka Utama,c2005 a333 hlm. ;c14x21 cm a923.2 FAI P C.1 a923.2 4aBiografi Ahli Politik, Biografi Politikus, Politisi, Biografi Ahli Pemerintahan a979-22-1253-1 a250111200007418